Integrable Structures of Exactly Solvable Two-Dimensional Models of Quantum Field Theory /

Integrable quantum field theories and integrable lattice models have been studied for several decades, but during the last few years new ideas have emerged that have considerably changed the topic. The first group of papers published here is concerned with integrable structures of quantum lattice mo...

Full description

Bibliographic Details
Main Author: Pakuliak, S.
Corporate Author: SpringerLink (Online service)
Other Authors: Gehlen, G.
Format: eBook
Language:English
Published: Dordrecht : Springer Netherlands : Imprint : Springer, 2001.
Series:NATO science series. Mathematics, physics, and chemistry ; 35.
Subjects:
Online Access:Connect to the full text of this electronic book

MARC

Tag First Indicator Second Indicator Subfields
LEADER 00000cam a2200000Ma 4500
001 in00003553721
006 m o d
007 cr nn|||||||||
008 121227s2001 ne o 000 0 eng d
005 20260423142104.6
020 |a 9789401006705 (electronic bk.) 
020 |a 9401006709 (electronic bk.) 
035 |a (OCoLC)840307652 
040 |a I9W  |b eng  |e pn  |c I9W  |d OCLCO  |d OCLCQ  |d GW5XE  |d OCLCF  |d OCLCO  |d UtOrBLW 
049 |a TXAM 
050 4 |a QC174.45.A1 
082 0 4 |a 530.14/3  |2 21 
100 1 |a Pakuliak, S. 
245 1 0 |a Integrable Structures of Exactly Solvable Two-Dimensional Models of Quantum Field Theory /  |c edited by S. Pakuliak, G. Gehlen. 
246 3 |a Proceedings of the NATO Advanced Research Workshop on Dynamical Symmetries of Integrable Quantum Field Theories and Lattice Models, Kiev, Ukraine, September 25-30, 2000 
264 1 |a Dordrecht :  |b Springer Netherlands :  |b Imprint :  |b Springer,  |c 2001. 
300 |a 1 online resource (344 pages) 
336 |a text  |b txt  |2 rdacontent 
337 |a computer  |b c  |2 rdamedia 
338 |a online resource  |b cr  |2 rdacarrier 
490 1 |a Nato Science Series, Series II: Mathematics, Physics and Chemistry, 1568-2609 ;  |v 35 
520 |a Integrable quantum field theories and integrable lattice models have been studied for several decades, but during the last few years new ideas have emerged that have considerably changed the topic. The first group of papers published here is concerned with integrable structures of quantum lattice models related to quantum group symmetries. The second group deals with the description of integrable structures in two-dimensional quantum field theories, especially boundary problems, thermodynamic Bethe ansatz and form factor problems. Finally, a major group of papers is concerned with the purely mathematical framework that underlies the physically-motivated research on quantum integrable models, including elliptic deformations of groups, representation theory of non-compact quantum groups, and quantization of moduli spaces. 
500 |a Electronic resource. 
650 0 |a Quantum field theory  |v Congresses. 
650 0 |a Lattice field theory  |v Congresses. 
650 0 |a Integral equations  |x Numerical solutions  |v Congresses. 
650 0 |a Mathematical physics  |v Congresses. 
650 7 |a Integral equations  |x Numerical solutions.  |2 fast  |0 (OCoLC)fst00975509 
650 7 |a Lattice field theory.  |2 fast  |0 (OCoLC)fst00993418 
650 7 |a Mathematical physics.  |2 fast  |0 (OCoLC)fst01012104 
650 7 |a Quantum field theory.  |2 fast  |0 (OCoLC)fst01085105 
655 7 |a Electronic books.  |2 local 
655 7 |a Conference proceedings.  |2 fast  |0 (OCoLC)fst01423772 
700 1 |a Gehlen, G. 
710 2 |a SpringerLink (Online service) 
830 0 |a NATO science series.  |n Series II,  |p Mathematics, physics, and chemistry ;  |v 35. 
856 4 0 |u http://proxy.library.tamu.edu/login?url=https://link.springer.com/10.1007/978-94-010-0670-5  |z Connect to the full text of this electronic book  |t 0 
994 |a 92  |b TXA 
999 |a MARS 
999 f f |s 74170bed-411f-3d3b-ae53-d51e7ddb4b23  |i fd479882-bb06-3fa3-903a-6d52415f2da6  |t 0 
952 f f |a Texas A&M University  |b College Station  |c Electronic Resources  |s www_evans  |d Available Online  |t 0  |e QC174.45.A1  |h Library of Congress classification 
998 f f |a QC174.45.A1  |t 0  |l Available Online